Famous ships from ww2 - Statistics

General Stats
  • This quiz has been taken 209 times
  • The average score is 3 of 14
Answer Stats
Hint Answer % Correct
Famous battleships. German Kriegsmarine capital ship Bismark
99%
German name for Germany Deutschland
52%
Biggest Japanese aircraft carrier Shinano
32%
The only German aircraft carrier Graf Zepplin
24%
A German naval General Tirpitz
23%
A cruiser that went down of the west coast of Australia Sydney
17%
Cruisers. Named after a French North African colony Algerie
15%
Aircraft carriers. Famous British Aircraft carrier for the raid on Taronto Illustrious
14%
A famous French port Dunkerque
10%
A Japanese naval general Yamamato
5%
British colony in the Carribean Trinidad
4%
Andera class Italian battleship Caio Duilio
2%
Last German submarine ever made U -165
2%
The first German Submarines produced after 1939 U-42
2%
No matching quizzes found
Score Distribution
Percent of People with Each Score
Percentile by Number Answered
Your Score History
You have not taken this quiz